Film Directors A-Z - Statistics

General Stats
  • This quiz has been taken 57 times
  • The average score is 17 of 24
Answer Stats
Letter Director Most Notable Film % Correct
H Alfred Hitchcock Psycho (1960)
94%
C James Cameron Avatar
94%
S Martin Scorsese Goodfellas
94%
T Quentin Tarantino Pulp Fiction
94%
N Christopher Nolan The Dark Knight
92%
B Tim Burton Edward Scissorhands
92%
E Clint Eastwood Million Dollar Baby
84%
A Wes Anderson The Grand Budapest Hotel
84%
K Akira Kurosawa Seven Samurai
82%
F David Fincher Fight Club
76%
G Greta Gerwig Barbie
76%
L David Lynch The Elephant Man
71%
V Denis Villeneuve Dune (2021)
69%
Z Robert Zemeckis Back to the Future
69%
P Roman Polanski Chinatown
67%
W Taika Waititi Jojo Rabbit
65%
M Hayao Miyazaki Spirited Away
59%
I Alejandro González Iñárritu The Revenant
55%
J Rian Johnson Knives Out
55%
D Guillermo del Toro Pacific Rim
51%
R Rob Reiner The Princess Bride
49%
Y David Yates Harry Potter and the Half-Blood Prince
35%
O Frank Oz Little Shop of Horrors (1986)
25%
U Lee Unkrich Toy Story 3
22%
No matching quizzes found
Score Distribution
Percent of People with Each Score
Percentile by Number Answered
Your Score History
You have not taken this quiz